000 00603cam a2200229 4500
001 10068
003 BD-JhCC
005 20230521081852.0
008 180405s1967 nyua 000 0 eng
020 _a0151933626
035 _a(BD-JhCC)10068
040 _aDLC
_cDLC
_dDLC
_dBD-JhCC
041 1 _aengjpn
050 0 0 _aND653.G7
_bT58
082 0 0 _a759.9/492
_bLAR 1967
100 1 _aMasini, Lara Vinca
245 0 0 _aVan Gogh /
_cLara Vinca Masini,
260 _aNew York :
_bHarcourt Brace Jovanovich,
_c1967.
300 _a87 p.
_billus. (part col.)
_c18 cm.
942 _2ddc
_cREF
999 _c10068
_d10068